书目信息 |
| 题名: |
物权法
|
|
| 作者: | 郭明瑞 著 | |
| 分册: | ||
| 出版信息: | 北京 中国法制出版社 2009.12 |
|
| 页数: | 404页 | |
| 开本: | 21cm | |
| 丛书名: | 名校名师法学讲义 | |
| 单 册: | ||
| 中图分类: | D923.2 | |
| 科图分类: | ||
| 主题词: | 物权法--中国--高等学校--教材 | |
| 电子资源: | ||
| ISBN: | 978-7-5093-1586-6 | |
| 000 | 00854nam 2200253 450 | |
| 001 | 012010601721 | |
| 005 | 20100527151956.15 | |
| 009 | 012004412553 | |
| 010 | @a978-7-5093-1586-6@dCNY32.00 | |
| 100 | @a20100515d2009 em y0chiy0110 ea | |
| 101 | 0 | @achi |
| 102 | @aCN@b110000 | |
| 105 | @ay z 000yy | |
| 200 | 1 | @a物权法@Awu quan fa@f郭明瑞著 |
| 210 | @a北京@c中国法制出版社@d2009.12 | |
| 215 | @a404页@d21cm | |
| 225 | 2 | @a名校名师法学讲义 |
| 330 | @a本书内容包括:物权概述、物权的变动、所有权的一般原理、业主的建筑物区分所有权、相邻关系、所有权取得的特别方式、用益物权的一般原理、土地承包经营权、建设土地使用权、地役权、担保物权的一般原理等。 | |
| 410 | 0 | @12001 @a名校名师法学讲义 |
| 606 | 0 | @a物权法@y中国@x高等学校@j教材 |
| 690 | @aD923.2@v4 | |
| 701 | 0 | @a郭明瑞@Aguo ming rui@4著 |
| 801 | 0 | @aCN@c20100515 |
| 905 | @dD923.2@eG817@f3 | |
| 物权法/郭明瑞著.-北京:中国法制出版社,2009.12 |
| 404页;21cm.-(名校名师法学讲义) |
| ISBN 978-7-5093-1586-6:CNY32.00 |
| 本书内容包括:物权概述、物权的变动、所有权的一般原理、业主的建筑物区分所有权、相邻关系、所有权取得的特别方式、用益物权的一般原理、土地承包经营权、建设土地使用权、地役权、担保物权的一般原理等。 |
| ● |
| 相关链接 |
|
|
|
正题名:物权法
索取号:D923.2/G817
 
预约/预借
| 序号 | 登录号 | 条形码 | 馆藏地/架位号 | 状态 | 备注 |
| 1 | 983915 | 209839157 | 社科库509/509社科库 92排1列5层/ [索取号:D923.2/G817] | 在馆 | |
| 2 | 983916 | 209839166 | 社科库509/509社科库 92排1列5层/ [索取号:D923.2/G817] | 在馆 | |
| 3 | 983917 | 209839175 | 社科库509/509社科库 92排1列5层/ [索取号:D923.2/G817] | 在馆 |